[Event "Sparkassen-Open A"]
[Site "Heusenstamm, Martinsee"]
[Date "2023.11.25"]
[Round "4.106"]
[White "Rohatgi, Kushagra"]
[Black "Werner, Rosalie"]
[Result "0-1"]
[WhiteElo "1577"]
[BlackElo "1687"]
[PlyCount "98"]
[EventDate "2023.??.??"]
[WhiteTeam "SAbt TuS Makkabi Ffm"]
[BlackTeam "VSG 1880 Offenbach"]

1. e4 c5 2. Nf3 d6 3. d4 cxd4 4. Nxd4 Nf6 5. Nc3 a6 6. Be2 e5 7. Nf3 h6 8. h3 Be6 9. O-O Be7 10. Be3 Nbd7 11. Re1 O-O 12. Qd2 Rc8 13. a3 b5 14. Rad1 Nb6 15. Bxb6 Qxb6 16. Bd3 Qc6 17. Qe2 Bd8 18. Nb1 Ba5 19. b4 Bb6 20. Qd2 Rfd8 21. Re2 Nh5 22. c3 Nf4 23. Ree1 Qd7 24. Rc1 Bxh3 25. g3 Qg4 26. Re3 Bxe3 27. Qxe3 Nxd3 28. Qxd3 Qe6 29. Nbd2 d5 30. exd5 Rxd5 31. Qe2 Bg4 32. Qe3 Rcd8 33. Re1 Rd3 34. Qe2 Rxd2 35. Qe4 Bxf3 36. Qxf3 R2d3 37. Qe2 Rxc3 38. Qxe5 Qxe5 39. Rxe5 Rxa3 40. Re4 Ra4 41. Kg2 a5 42. g4 Rxb4 43. Rxb4 axb4 44. Kf3 b3 45. Kg2 b2 46. Kh2 b1=Q 47. Kg2 Qe4+ 48. Kg1 Qxg4+ 49. Kf1 Rd1# 0-1

[Event "Sparkassen-Open A"]
[Site "Heusenstamm, Martinsee"]
[Date "2023.11.25"]
[Round "4.108"]
[White "Arkhipenko, Denis"]
[Black "Spelleken, Hans-Gerd"]
[Result "1-0"]
[WhiteElo "1658"]
[BlackElo "1700"]
[PlyCount "67"]
[EventDate "2023.??.??"]
[WhiteTeam "SC Heusenstamm"]
[BlackTeam "SC Somborn 1933"]

1. d4 d5 2. Bf4 Nf6 3. e3 e6 4. Nd2 Bd6 5. Bg3 O-O 6. Bd3 Nc6 7. c3 e5 8. dxe5 Nxe5 9. Bxe5 Bxe5 10. Ngf3 Bd6 11. O-O c6 12. Qc2 h6 13. Rfd1 Qe7 14. Re1 Qc7 15. c4 Re8 16. c5 Bf8 17. b4 a6 18. a4 Bd7 19. h3 Kh8 20. Nd4 g6 21. Ra2 Bg7 22. Rb1 Re5 23. Ne2 Rg8 24. Nf3 Ree8 25. b5 cxb5 26. axb5 axb5 27. Bxb5 Bf5 28. Bd3 Ne4 29. Ra7 Rb8 30. Ned4 Bd7 31. Bxe4 dxe4 32. Qxe4 Rge8 33. Rbxb7 Rxb7 34. Qxb7 1-0

[Event "Sparkassen-Open A"]
[Site "Heusenstamm, Martinsee"]
[Date "2023.11.25"]
[Round "4.109"]
[White "Köpke, Carolina"]
[Black "Werner, Tom"]
[Result "0-1"]
[WhiteElo "1482"]
[BlackElo "1822"]
[PlyCount "60"]
[EventDate "2023.??.??"]
[WhiteTeam "SV Oberursel"]
[BlackTeam "VSG 1880 Offenbach"]

1. d4 d5 2. Bf4 Nf6 3. e3 c5 4. c3 Nc6 5. Nd2 e6 6. Ngf3 Bd6 7. Bg3 b6 8. Bd3 Bb7 9. Qc2 O-O 10. e4 Be7 11. Ne5 dxe4 12. Nxe4 cxd4 13. Rd1 Qc8 14. cxd4 Nxe4 15. Bxe4 Bb4+ 16. Kf1 Nxe5 17. Bxb7 Qxb7 18. dxe5 Rfd8 19. a3 Be7 20. f4 Rxd1+ 21. Qxd1 Rd8 22. Qe2 Qc6 23. Be1 Rd4 24. Qf3 Qc4+ 25. Kg1 Rxf4 26. Qa8+ Bf8 27. h3 Rf1+ 28. Kh2 Rxh1+ 29. Kxh1 Qf1+ 30. Kh2 Qxe1 0-1

[Event "Sparkassen-Open A"]
[Site "Heusenstamm, Martinsee"]
[Date "2023.11.25"]
[Round "4.110"]
[White "Kretner, Georg-Ulrich"]
[Black "Röß, Jonas"]
[Result "0-1"]
[WhiteElo "1847"]
[BlackElo "1588"]
[PlyCount "84"]
[EventDate "2023.??.??"]
[WhiteTeam "SC Bad Nauheim"]
[BlackTeam "SV Würzburg von 1865 e.V."]

1. d4 d5 2. c4 c6 3. Nf3 Nf6 4. Nc3 e6 5. e3 Nbd7 6. Bd3 dxc4 7. Bxc4 b5 8. Bd3 Bb7 9. Qe2 a6 10. e4 c5 11. d5 Be7 12. dxe6 fxe6 13. O-O c4 14. Bc2 Nc5 15. Rd1 Qc7 16. e5 Nd5 17. Nxd5 Bxd5 18. Bg5 O-O 19. Bxe7 Bxf3 20. gxf3 Qxe7 21. Rd4 Rf7 22. Rg4 Raf8 23. Rg3 Qb7 24. Kg2 Rd8 25. Rd1 Rxd1 26. Qxd1 Rd7 27. Qe2 Qd5 28. Rg4 Qd2 29. Re4 Nxe4 30. Qxe4 g6 31. h4 Qd5 32. Qf4 Rf7 33. Qg3 Qd2 34. Be4 Qxb2 35. h5 Qd2 36. hxg6 hxg6 37. Qg4 Qd7 38. f4 c3 39. Kf3 Qd1+ 40. Kg3 Qxg4+ 41. Kxg4 Rd7 42. Bxg6 Rg7 0-1

[Event "Sparkassen-Open A"]
[Site "Heusenstamm, Martinsee"]
[Date "2023.11.25"]
[Round "4.111"]
[White "Kuckel, Michael"]
[Black "Burlutskaia, Maria"]
[Result "0-1"]
[WhiteElo "1634"]
[BlackElo "1797"]
[PlyCount "45"]
[EventDate "2023.??.??"]
[WhiteTeam "SC Matt im Park Ffm"]
[BlackTeam "SG Porz e. V."]

1. d4 Nf6 2. c4 g6 3. Nc3 Bg7 4. Nf3 O-O 5. g3 d6 6. Bg2 Nfd7 7. O-O e5 8. e4 Nc6 9. Be3 h6 10. Qd2 Kh7 11. Rad1 Nb6 12. b3 Bg4 13. Ne2 Qf6 14. dxe5 dxe5 15. Nh4 Rfd8 16. Qc1 Bxe2 17. Rxd8 Rxd8 18. Re1 Bg4 19. h3 Be6 20. Nf3 Bxh3 21. Ng5+ hxg5 22. Bxh3 Nd4 23. Bxg5 0-1

[Event "Sparkassen-Open A"]
[Site "Heusenstamm, Martinsee"]
[Date "2023.11.25"]
[Round "4.112"]
[White "Scheerer, Amelie"]
[Black "Werner, Florin"]
[Result "0-1"]
[WhiteElo "1583"]
[BlackElo "1666"]
[PlyCount "78"]
[EventDate "2023.??.??"]
[WhiteTeam "SV 1934 Ffm-Griesheim"]
[BlackTeam "VSG 1880 Offenbach"]

1. e4 e6 2. d4 d5 3. exd5 exd5 4. Nf3 Bd6 5. Bd3 Nc6 6. O-O Nge7 7. h3 Bf5 8. Re1 Qd7 9. Nc3 O-O-O 10. Nb5 f6 11. Nxd6+ Qxd6 12. c3 h5 13. b4 h4 14. b5 Nb8 15. Bxf5+ Nxf5 16. Qa4 g5 17. Ba3 Qd7 18. Nh2 Nd6 19. Bxd6 Qxd6 20. Qxa7 Rhe8 21. Qa4 f5 22. Qc2 Qd7 23. f3 Qf7 24. a4 Re6 25. Qd2 Rxe1+ 26. Rxe1 Qf6 27. Re5 Nd7 28. Rxd5 Qe6 29. c4 Rf8 30. a5 c6 31. bxc6 bxc6 32. Qc3 Kd8 33. Rxd7+ Kxd7 34. Qb4 Qe3+ 35. Kf1 Qd3+ 36. Kf2 Qxd4+ 37. Kf1 Re8 38. Qb7+ Kd6 39. Qb4+ Kc7 0-1

[Event "Sparkassen-Open A"]
[Site "Heusenstamm, Martinsee"]
[Date "2023.11.25"]
[Round "4.113"]
[White "Feick, Claas Marten"]
[Black "Leitzig, Reamonn Franky James"]
[Result "1/2-1/2"]
[WhiteElo "1553"]
[BlackElo "1540"]
[PlyCount "134"]
[EventDate "2023.??.??"]
[WhiteTeam "SF Neuberg"]
[BlackTeam "SV 1934 Ffm-Griesheim"]

1. d4 Nf6 2. Nf3 e6 3. Bf4 c5 4. c3 b6 5. e3 Be7 6. Bd3 Ba6 7. Bxa6 Nxa6 8. Nbd2 O-O 9. h3 d6 10. g4 cxd4 11. exd4 Nc7 12. c4 d5 13. Ne5 dxc4 14. Ndxc4 Bb4+ 15. Ke2 Nfd5 16. Bg3 Qe8 17. Rc1 f6 18. Nd3 Be7 19. Bxc7 Nxc7 20. Nxb6 axb6 21. Rxc7 e5 22. Qb3+ Kh8 23. d5 e4 24. Nf4 Bd6 25. Ne6 Bxc7 26. Nxc7 Qa4 27. Nxa8 Qxb3 28. axb3 Rxa8 29. Ke3 Kg8 30. Rc1 Ra2 31. Rc2 Kf7 32. Kxe4 Ke7 33. f4 h6 34. h4 b5 35. Rd2 Kd6 36. Kf5 Ra7 37. Ke4 Re7+ 38. Kd4 Ra7 39. Rc2 Ra2 40. Rc6+ Kd7 41. Rc5 Rxb2 42. Rxb5 Kc7 43. Ke4 Rg2 44. g5 hxg5 45. hxg5 fxg5 46. fxg5 g6 47. b4 Rg4+ 48. Kf3 Rg1 49. d6+ Kc6 50. Ra5 Kxd6 51. Ra6+ Ke5 52. Rxg6 Kf5 53. Rg7 Rb1 54. Rb7 Rb3+ 55. Ke2 Kxg5 56. Kd2 Kf5 57. Kc2 Rh3 58. Rc7 Ke6 59. Kb2 Kd6 60. Rc8 Kd7 61. Rc2 Rg3 62. Ka2 Rh3 63. b5 Rh5 64. Rb2 Kc7 65. Ka3 Kb6 66. Ka4 Rh4+ 67. Ka3 Rh5 1/2-1/2

[Event "Sparkassen-Open A"]
[Site "Heusenstamm, Martinsee"]
[Date "2023.11.25"]
[Round "4.114"]
[White "Hofmann, Werner"]
[Black "Degenhardt, Andreas"]
[Result "1/2-1/2"]
[WhiteElo "1669"]
[BlackElo "1714"]
[PlyCount "46"]
[EventDate "2023.??.??"]
[WhiteTeam "SV 1920 Kelsterbach"]
[BlackTeam "SC 1970 Lorsch"]

1. d4 d5 2. Nc3 Nf6 3. Bf4 e6 4. e3 Bb4 5. Bd3 c5 6. dxc5 Bxc3+ 7. bxc3 Qa5 8. Ne2 Qxc5 9. Qd2 Nbd7 10. Bg3 O-O 11. f3 Nb6 12. Be5 Nc4 13. Bxc4 Qxc4 14. Bxf6 gxf6 15. Qd4 e5 16. Qxc4 dxc4 17. g4 Bd7 18. Ng3 Kg7 19. e4 Ba4 20. Nf5+ Kg6 21. Ne3 Bd7 22. Ke2 Rfd8 23. Rhd1 Bc6 1/2-1/2

[Event "Sparkassen-Open A"]
[Site "Heusenstamm, Martinsee"]
[Date "2023.11.25"]
[Round "4.115"]
[White "Strache, Rolf"]
[Black "Zarriess, Benjamin"]
[Result "1/2-1/2"]
[WhiteElo "1557"]
[BlackElo "1732"]
[PlyCount "51"]
[EventDate "2023.??.??"]
[WhiteTeam "SK Herborn 1946"]
[BlackTeam "Hamburg"]

1. d4 d5 2. c4 e6 3. Nc3 Be7 4. Nf3 Nf6 5. Bg5 h6 6. Bh4 O-O 7. e3 Nbd7 8. Bd3 dxc4 9. Bxc4 c5 10. O-O b6 11. Rc1 Bb7 12. Bd3 cxd4 13. Nxd4 Nc5 14. Bb1 Nd5 15. Bxe7 Qxe7 16. Re1 Nxc3 17. Rxc3 Rfd8 18. Qg4 Rd5 19. f4 Rad8 20. Rec1 Qf6 21. b4 Na6 22. a3 Nb8 23. Rc7 R5d7 24. Qe2 Qe7 25. Rxd7 Qxd7 26. Qd3 1/2-1/2

[Event "Sparkassen-Open A"]
[Site "Heusenstamm, Martinsee"]
[Date "2023.11.25"]
[Round "4.116"]
[White "Hebauf, Markus"]
[Black "Füssel, Jan Michael"]
[Result "0-1"]
[WhiteElo "1518"]
[BlackElo "1720"]
[PlyCount "48"]
[EventDate "2023.??.??"]
[WhiteTeam "Sfr.1932 Kelkheim"]
[BlackTeam "SV Wersten 1964 e. V."]

1. d4 d5 2. c4 e6 3. Nf3 Nf6 4. Bg5 Be7 5. Nc3 Nbd7 6. e3 O-O 7. Bd3 dxc4 8. Bxc4 b6 9. O-O Bb7 10. a3 Ne4 11. Bxe7 Qxe7 12. Nxe4 Bxe4 13. Bd3 Bb7 14. Qc2 Bxf3 15. gxf3 Nf6 16. Kh1 c5 17. dxc5 Rac8 18. c6 Qd6 19. Rac1 Qd5 20. Be4 Nxe4 21. Qxe4 Qxe4 22. fxe4 Rc7 23. Rfd1 Rfc8 24. Rd7 Rxd7 0-1

[Event "Sparkassen-Open A"]
[Site "Heusenstamm, Martinsee"]
[Date "2023.11.25"]
[Time "15:30:00"]
[Round "5.1"]
[PlyCount "35"]
[White "Krastev, Alexander"]
[Black "Poetsch, Hagen"]
[Result "1/2-1/2"]
[WhiteElo "2440"]
[BlackElo "2467"]
[WhiteTeam "Biebertaler SF"]
[BlackTeam "SC Heusenstamm"]

1. e4 e6 2. d4 d5 3. e5 c5 4. c3 Nc6 5. Nf3 Bd7 6. Be2 Nge7 7. Na3 cxd4 8. cxd4
Nf5 9. Nc2 Be7 10. O-O O-O 11. Bd3 f6 12. Bxf5 exf5 13. Re1 Be8 14. Qd3 Bh5 15.
Bd2 Qb6 16. exf6 Bxf6 17. Ne5 Rad8 18. Nxc6 1/2-1/2

[Event "Sparkassen-Open A"]
[Site "Heusenstamm, Martinsee"]
[Date "2023.11.25"]
[Time "15:30:00"]
[Round "5.2"]
[PlyCount "20"]
[White "Krause, Benedict"]
[Black "Korneev, Oleg"]
[Result "1/2-1/2"]
[WhiteElo "2394"]
[BlackElo "2470"]
[WhiteTeam "FC ST.Pauli 1910 eV SAbt"]
[BlackTeam "TSV Schönaich"]

1. e4 e5 2. Nf3 Nc6 3. Bc4 Bc5 4. c3 Nf6 5. d3 a6 6. O-O Ba7 7. a4 d6 8. Re1 O-O
9. h3 h6 10. Nbd2 Be6 1/2-1/2

[Event "Sparkassen-Open A"]
[Site "Heusenstamm, Martinsee"]
[Date "2023.11.25"]
[Time "15:30:00"]
[Round "5.3"]
[PlyCount "91"]
[White "Golubka, Petro"]
[Black "Haack, Kevin"]
[Result "1-0"]
[WhiteElo "2419"]
[BlackElo "2302"]
[WhiteTeam "Krakau"]
[BlackTeam "SV 1920 Hofheim"]

1. e4 c6 2. d4 d5 3. f3 dxe4 4. fxe4 e5 5. Nf3 Bg4 6. Bc4 Nd7 7. O-O Ngf6 8. c3
Bd6 9. Be3 O-O 10. Nbd2 Qe7 11. h3 Bh5 12. Qc2 Rae8 13. Nh4 Bg6 14. Bg5 Qd8 15.
Nf5 Bxf5 16. Rxf5 b5 17. Bb3 Qb6 18. Be3 exd4 19. cxd4 Bb4 20. Nf3 Rxe4 21. Bf2
g6 22. Re5 Rf4 23. Rc1 Qb8 24. Qxc6 Nxe5 25. dxe5 Rxf3 26. Qxf3 Qxe5 27. Bg3
Qxb2 28. Rc7 Bd6 29. Bxd6 Qd4+ 30. Kh1 Qxd6 31. Rc6 Qe5 32. Qxf6 Qxf6 33. Rxf6
a5 34. Rb6 Ra8 35. Rxb5 Ra7 36. a4 Kg7 37. Kg1 f5 38. Kf2 Kf6 39. Bd5 Ra6 40.
Ke3 Kg5 41. Bb7 Re6+ 42. Kf3 Re7 43. Bd5 Ra7 44. Rb7 Ra6 45. Rxh7 Rd6 46. h4+
1-0

[Event "Sparkassen-Open A"]
[Site "Heusenstamm, Martinsee"]
[Date "2023.11.25"]
[Time "15:30:00"]
[Round "5.4"]
[PlyCount "58"]
[White "Glöckler, Christian"]
[Black "Nothnagel, Marian Can"]
[Result "1/2-1/2"]
[WhiteElo "2332"]
[BlackElo "2394"]
[WhiteTeam "Wiesbadener SV 1885"]
[BlackTeam "Schachforum Darmstadt 1994"]

1. e4 e5 2. Nf3 d6 3. d4 exd4 4. Nxd4 Nf6 5. Nc3 Be7 6. g3 O-O 7. Bg2 Re8 8. O-O
Bf8 9. b3 c6 10. Bb2 Nbd7 11. Qd2 Nc5 12. Rae1 Qc7 13. a4 a5 14. f4 Bd7 15. Re2
Rad8 16. Rfe1 g6 17. Nd1 Bg7 18. Nf2 Ng4 19. Ba1 Nxf2 20. Rxf2 d5 21. exd5 cxd5
22. Bxd5 Bxa4 23. Rxe8+ Bxe8 24. Qe3 Rxd5 25. Qxe8+ Bf8 26. f5 Re5 27. Nb5 Rxe8
28. Nxc7 Re1+ 29. Rf1 Rxf1+ 1/2-1/2

[Event "Sparkassen-Open A"]
[Site "Heusenstamm, Martinsee"]
[Date "2023.11.25"]
[Time "15:30:00"]
[Round "5.5"]
[PlyCount "46"]
[White "Krause, Jonah"]
[Black "Hinrichs, Paul"]
[Result "1/2-1/2"]
[WhiteElo "2366"]
[BlackElo "2223"]
[WhiteTeam "FC ST.Pauli 1910 eV SAbt"]
[BlackTeam "Sfr.Heidesheim"]

1. d4 d5 2. c4 c6 3. Nc3 Nf6 4. e3 e6 5. Nf3 Nbd7 6. Be2 Bd6 7. O-O O-O 8. b3 b6
9. Bb2 Bb7 10. Bd3 Re8 11. Re1 c5 12. cxd5 exd5 13. Rc1 Rc8 14. Ne2 Ne4 15. Ng3
Ndf6 16. Rc2 Ng4 17. Nf5 Bf8 18. dxc5 bxc5 19. h3 Ngf6 20. Nd2 g6 21. Bxe4 Nxe4
22. Nxe4 Rxe4 23. Ng3 Re8 1/2-1/2

[Event "Sparkassen-Open A"]
[Site "Heusenstamm, Martinsee"]
[Date "2023.11.25"]
[Time "15:30:00"]
[Round "5.6"]
[PlyCount "102"]
[White "Foerster-Yialamas, Lucas"]
[Black "Tschernatsch, Johannes"]
[Result "0-1"]
[WhiteElo "2175"]
[BlackElo "2312"]
[WhiteTeam "Sabt Frankfurter TV 1860"]
[BlackTeam "SC Empor Potsdam 1952 e.V."]

1. e4 c5 2. Nf3 d6 3. d4 cxd4 4. Nxd4 Nf6 5. Nc3 a6 6. f3 e5 7. Nb3 Be7 8. Be3
Be6 9. Qd2 h5 10. Nd5 Nxd5 11. exd5 Bf5 12. Bd3 Bxd3 13. Qxd3 Bg5 14. Bf2 Nd7
15. h4 Bh6 16. Nd2 Rc8 17. O-O-O b5 18. Kb1 Bxd2 19. Rxd2 Qc7 20. Re1 O-O 21. g4
Nf6 22. gxh5 Nxh5 23. Qf5 g6 24. Rg1 Kh7 25. Qg5 Qd8 26. Qe3 Rc4 27. Qa7 a5 28.
Qa6 Rf4 29. Qxb5 Rxf3 30. Qe2 Qf6 31. c4 Qf5+ 32. Ka1 e4 33. Be3 Ng3 34. Qe1 Rf1
35. Rxf1 Qxf1 36. Rd1 Qxe1 37. Rxe1 Re8 38. Bf4 Nf5 39. Kb1 e3 40. c5 dxc5 41.
Bxe3 Nxe3 42. d6 f5 43. d7 Rd8 44. Rxe3 Rxd7 45. Re5 f4 46. Re1 Kh6 47. Rf1 Rd4
48. Kc2 Kh5 49. Rg1 f3 50. Rf1 Kg4 51. Rg1+ Kh3 0-1

[Event "Sparkassen-Open A"]
[Site "Heusenstamm, Martinsee"]
[Date "2023.11.25"]
[Time "15:30:00"]
[Round "5.7"]
[PlyCount "98"]
[White "Browning, Alex"]
[Black "Perske, Paul"]
[Result "0-1"]
[WhiteElo "2340"]
[BlackElo "2068"]
[WhiteTeam "Märkischer Springer Halver-Schal"]
[BlackTeam "Sfr.Heidesheim"]

1. e4 e5 2. Nf3 Nc6 3. Bb5 a6 4. Ba4 Nf6 5. O-O Be7 6. Re1 b5 7. Bb3 d6 8. c3
O-O 9. h3 Bb7 10. d4 Re8 11. Nbd2 Bf8 12. Bc2 h6 13. a3 Nb8 14. a4 Nbd7 15. Bd3
c6 16. Nf1 d5 17. dxe5 Nxe4 18. Bf4 Ndc5 19. Bc2 bxa4 20. N1d2 a3 21. Qc1 axb2
22. Qxb2 Nxd2 23. Bxd2 a5 24. Be3 Ba6 25. Qb1 Rb8 26. Qd1 Qc7 27. Bc1 Ne6 28.
Ra4 Bc4 29. Ra1 Bc5 30. Nh4 Qa7 31. Qf3 d4 32. Ra4 Bb3 33. Bxb3 Rxb3 34. Qxc6
Rd8 35. cxd4 Bxd4 36. Ra2 Rc3 37. Qa4 Rdc8 38. Ba3 R3c4 39. Qb3 Bxf2+ 40. Rxf2
Rxh4 41. Bc1 Rb4 42. Qa2 a4 43. Be3 Qc7 44. Bd2 Rc4 45. Ref1 Qxe5 46. Rxf7 Rc2
47. Rf8+ Kh7 48. Qxa4 Nxf8 49. Rxf8 Qc5+ 0-1

[Event "Sparkassen-Open A"]
[Site "Heusenstamm, Martinsee"]
[Date "2023.11.25"]
[Time "15:30:00"]
[Round "5.8"]
[PlyCount "44"]
[White "Lutze, Max"]
[Black "Smith, Bryan"]
[Result "0-1"]
[WhiteElo "2076"]
[BlackElo "2396"]
[WhiteTeam "Märkischer Springer Halver-Schal"]
[BlackTeam "Budapest"]

1. Nf3 c5 2. c4 g6 3. g3 Bg7 4. Bg2 Nc6 5. O-O d6 6. Nc3 Bf5 7. d3 Qd7 8. Re1
Nf6 9. Rb1 Bh3 10. Bh1 h5 11. d4 cxd4 12. Nxd4 h4 13. Nc2 hxg3 14. hxg3 Bf1 15.
Ne3 Qh3 16. Bf3 Ne5 17. Bxb7 d5 18. Bxd5 O-O-O 19. f4 Qxg3+ 20. Kxf1 Rxd5 21.
Qxd5 Nxd5 22. Nexd5 Rh1# 0-1

[Event "Sparkassen-Open A"]
[Site "Heusenstamm, Martinsee"]
[Date "2023.11.25"]
[Time "15:30:00"]
[Round "5.9"]
[PlyCount "120"]
[White "Reschke, Thomas"]
[Black "Milov, Leonid"]
[Result "0-1"]
[WhiteElo "2108"]
[BlackElo "2422"]
[WhiteTeam "SC Frankfurt-West"]
[BlackTeam "SC Noris-Tarrasch Nürnberg 1873"]

1. c4 f5 2. g3 Nf6 3. Bg2 e5 4. a3 Be7 5. Nc3 O-O 6. d3 c6 7. e4 fxe4 8. dxe4
Bc5 9. Nf3 d6 10. O-O Bg4 11. Qd3 a5 12. Be3 Na6 13. Nd2 Nd7 14. Na4 Bxe3 15.
Qxe3 Ndc5 16. Nxc5 Nxc5 17. b4 Ne6 18. Bf3 Bh3 19. Bg2 Bxg2 20. Kxg2 Nd4 21. Qd3
axb4 22. axb4 Qb6 23. Rxa8 Rxa8 24. Rb1 Ra4 25. c5 Qb5 26. Qxb5 Nxb5 27. cxd6
Nxd6 28. Nf3 Nc4 29. b5 Na3 30. Rd1 Nxb5 31. Nxe5 Nd4 32. Rc1 Kf8 33. Rb1 Nb5
34. Nd7+ Ke7 35. Nc5 Ra7 36. f4 Ra2+ 37. Kf3 Ra3+ 38. Kg4 b6 39. Nb3 Nc3 40. Rb2
Na4 41. Rb1 Nc3 42. Rb2 c5 43. Kf5 Ra4 44. Nd2 b5 45. Rb3 b4 46. Nc4 Ra6 47. e5
Ra2 48. Rb2 Rxb2 49. Nxb2 g6+ 50. Kg4 Ke6 51. Kf3 Kd5 52. g4 Kd4 53. e6 Nd5 54.
f5 gxf5 55. gxf5 c4 56. Nd1 b3 57. Ne3 Nf6 58. Ng4 b2 59. Nxf6 b1=Q 60. e7 Qf1+
0-1

[Event "Sparkassen-Open A"]
[Site "Heusenstamm, Martinsee"]
[Date "2023.11.25"]
[Time "15:30:00"]
[Round "5.10"]
[PlyCount "64"]
[White "Capelja, Christian"]
[Black "Hahn, Markus"]
[Result "0-1"]
[WhiteElo "2007"]
[BlackElo "2332"]
[WhiteTeam "SpVgg Rommelshausen"]
[BlackTeam "SVG CAISSA Kassel"]

1. d4 f5 2. Nf3 Nf6 3. c4 e6 4. Nc3 Bb4 5. Qb3 c5 6. a3 Bxc3+ 7. bxc3 Nc6 8. d5
Na5 9. Qb5 O-O 10. g3 d6 11. Nd2 e5 12. Bg2 b6 13. O-O Qe8 14. e4 Qh5 15. Qb1 f4
16. Qd3 Ng4 17. h3 Nh6 18. g4 Qh4 19. Nf3 Qe7 20. Rd1 Nf7 21. Nd2 h5 22. f3 Qh4
23. Qf1 Ng5 24. Rb1 Qg3 25. Kh1 hxg4 26. hxg4 Bxg4 27. Qe1 Qxe1+ 28. Rxe1 Bd7
29. Kg1 Kf7 30. Bf1 Rh8 31. Ra1 Ba4 32. Nb1 Nxf3+ 0-1

[Event "Sparkassen-Open A"]
[Site "Heusenstamm, Martinsee"]
[Date "2023.11.25"]
[Time "15:30:00"]
[Round "5.11"]
[PlyCount "72"]
[White "Baranyai-Molnar, Adam-Kristof"]
[Black "Dolzhykova, Kateryna"]
[Result "0-1"]
[WhiteElo "1948"]
[BlackElo "2323"]
[WhiteTeam "SF Neuberg"]
[BlackTeam "SV Oberursel"]

1. f4 e5 2. e4 exf4 3. Nf3 h6 4. Bc4 Nc6 5. d4 g5 6. d5 Na5 7. Qd4 Rh7 8. Bd3 g4
9. e5 Rg7 10. Nfd2 Qh4+ 11. Kf1 f3 12. Rg1 Qxh2 13. b4 b6 14. Ne4 c5 15. bxc5
bxc5 16. Qc3 fxg2+ 17. Rxg2 Qh1+ 18. Rg1 Qh3+ 19. Ke1 Be7 20. Nf6+ Nxf6 21. exf6
Qh4+ 22. Kd1 Qxf6 23. Bb2 Qf3+ 24. Be2 Qf2 25. Rf1 Qd4+ 26. Qxd4 cxd4 27. Bxd4
Rg5 28. Nc3 g3 29. d6 g2 30. Re1 Nc6 31. Be3 Bf6 32. Bxg5 Bxc3 33. Bd2 Bxa1 34.
c3 Rb8 35. Kc2 Rb2+ 36. Kc1 Ne5 0-1

[Event "Sparkassen-Open A"]
[Site "Heusenstamm, Martinsee"]
[Date "2023.11.25"]
[Time "15:30:00"]
[Round "5.12"]
[PlyCount "33"]
[White "Eilers, Stefan"]
[Black "Burkart, Lloyd Shang"]
[Result "1/2-1/2"]
[WhiteElo "2300"]
[BlackElo "2094"]
[WhiteTeam "SAbt SG 1945 Dietzenbach"]
[BlackTeam "SV 1920 Hofheim"]

1. d4 Nf6 2. Nf3 Ng8 3. Ng1 Nf6 4. Nf3 d5 5. g3 Bf5 6. Bg2 e6 7. O-O Be7 8. c4
c6 9. Nc3 O-O 10. Qb3 Qb6 11. c5 Qxb3 12. axb3 Nbd7 13. b4 a6 14. h3 h6 15. g4
Bg6 16. Bf4 Ne4 17. Rad1 1/2-1/2

[Event "Sparkassen-Open A"]
[Site "Heusenstamm, Martinsee"]
[Date "2023.11.25"]
[Round "5.13"]
[White "Erdmann, Stefan"]
[Black "Klundt, Klaus"]
[Result "1-0"]
[WhiteElo "2062"]
[BlackElo "2280"]
[PlyCount "89"]
[EventDate "2023.??.??"]
[WhiteTeam "SK Bad Homburg 1927"]
[BlackTeam "SC Heusenstamm"]

1. d4 Nf6 2. c4 e6 3. g3 d5 4. Nf3 Bb4+ 5. Bd2 Be7 6. Bg2 O-O 7. Qc2 c6 8. O-O Nbd7 9. Rd1 b6 10. Bf4 Bb7 11. Ne5 Nh5 12. Be3 f5 13. cxd5 cxd5 14. Nc6 Qe8 15. Nxe7+ Qxe7 16. Nc3 g5 17. Qb3 f4 18. Bd2 Ndf6 19. Nb5 Ba6 20. Rac1 Bxb5 21. Qxb5 Qg7 22. Bb4 Rfe8 23. Bd6 Rac8 24. Be5 Qg6 25. Rc6 Rxc6 26. Qxc6 Ng4 27. Rc1 Nxe5 28. dxe5 g4 29. b4 Rf8 30. Qd7 Qf5 31. Rc8 Qxe5 32. Rxf8+ Kxf8 33. Qxh7 Nf6 34. Qh6+ Kf7 35. Qxf4 Qxe2 36. h3 e5 37. Qf5 e4 38. hxg4 Qd1+ 39. Bf1 Qxg4 40. Qe5 Qf3 41. Bh3 Qd1+ 42. Kh2 Qd2 43. Be6+ Kg7 44. Kg2 d4 45. g4 1-0

[Event "Sparkassen-Open A"]
[Site "Heusenstamm, Martinsee"]
[Date "2023.11.25"]
[Time "15:30:00"]
[Round "5.14"]
[PlyCount "30"]
[White "Spriestersbach, Kai"]
[Black "Schmidt, Markus"]
[Result "1/2-1/2"]
[WhiteElo "2263"]
[BlackElo "2116"]
[WhiteTeam "SV Erkenschwick 1923 e"]
[BlackTeam "SK Niederbrechen 1948"]

1. Nf3 d5 2. g3 g6 3. Bg2 Bg7 4. d4 Nf6 5. O-O O-O 6. c4 dxc4 7. Na3 c3 8. bxc3
c5 9. Nc4 Nc6 10. e3 Be6 11. Qe2 cxd4 12. cxd4 Rc8 13. Nfe5 Nxe5 14. Nxe5 Bd5
15. Ba3 Bxg2 1/2-1/2

[Event "Sparkassen-Open A"]
[Site "Heusenstamm, Martinsee"]
[Date "2023.11.25"]
[Time "15:30:00"]
[Round "5.15"]
[PlyCount "66"]
[White "Minor, Samuel"]
[Black "Akhmatovski, Maxim"]
[Result "1/2-1/2"]
[WhiteElo "2242"]
[BlackElo "2070"]
[WhiteTeam "Wiesbadener SV 1885"]
[BlackTeam "SV Oberursel"]

1. e4 c5 2. Nf3 e6 3. d3 Nc6 4. g3 g6 5. Bg2 Bg7 6. c3 Nge7 7. Be3 b6 8. Qd2 d5
9. Bh6 O-O 10. Bxg7 Kxg7 11. exd5 Qxd5 12. O-O Ba6 13. Rd1 Rfd8 14. d4 Qf5 15.
Qe1 cxd4 16. cxd4 Rac8 17. Nc3 Nb4 18. Qd2 Ned5 19. a3 Nxc3 20. bxc3 Nc6 21.
Rac1 Na5 22. Ne5 Nb3 23. Qb2 Nxc1 24. Rxc1 f6 25. Nc6 Rd7 26. c4 Rcc7 27. Nb8
Qa5 28. Nxd7 Rxd7 29. h4 Rc7 30. Bf1 Bb7 31. Qb4 Qxb4 32. axb4 Rd7 33. Rd1 Kf7
1/2-1/2

[Event "Sparkassen-Open A"]
[Site "Heusenstamm, Martinsee"]
[Date "2023.11.25"]
[Time "15:30:00"]
[Round "5.16"]
[PlyCount "128"]
[White "Bardorz, Jana"]
[Black "Lesny, Florian"]
[Result "1/2-1/2"]
[WhiteElo "2050"]
[BlackElo "2216"]
[WhiteTeam "TSV 1869 e. V. Rottendorf"]
[BlackTeam "SK Bad Homburg 1927"]

1. e4 c5 2. Nf3 d6 3. d4 cxd4 4. Nxd4 Nf6 5. Nc3 a6 6. Bd3 e5 7. Nde2 Be7 8. O-O
O-O 9. Ng3 Be6 10. Nd5 Bxd5 11. exd5 g6 12. c4 Nbd7 13. Be3 a5 14. b3 Ne8 15.
Qd2 f5 16. f4 Bf6 17. Rac1 b6 18. a3 Bg7 19. b4 axb4 20. axb4 Nef6 21. h3 Ra3
22. Ne2 Nh5 23. Kh2 Re8 24. g3 Qe7 25. Rfe1 exf4 26. Nxf4 Ne5 27. Be2 Nxf4 28.
Bxf4 Qa7 29. c5 bxc5 30. bxc5 Ra2 31. Rc2 Rxc2 32. Qxc2 Nf3+ 33. Bxf3 Rxe1 34.
Bxd6 Qa3 35. Qd2 Bc3 36. Qg5 Qb2+ 37. Bg2 Bf6 38. Qh6 Bg7 39. Qg5 Bf6 40. Qh6
Bg7 41. Qf4 Bd4 42. h4 Re2 43. Qf1 Rf2 44. Qh1 Rc2 45. Bf4 Bxc5 46. Kh3 Rf2 47.
Qe1 Qe2 48. Qxe2 Rxe2 49. d6 Bb6 50. Bg5 Re1 51. Bf3 Re8 52. d7 Rb8 53. h5 gxh5
54. Kh4 Bd8 55. Kxh5 Bxg5 56. Kxg5 Rf8 57. Bh5 Rd8 58. Be8 Kf8 59. Kxf5 Rxe8
1/2-1/2

[Event "Sparkassen-Open A"]
[Site "Heusenstamm, Martinsee"]
[Date "2023.11.25"]
[Round "5.17"]
[White "Wolf, Dr. Ulrich Martin"]
[Black "Rempe, Jonas"]
[Result "0-1"]
[WhiteElo "2203"]
[BlackElo "2106"]
[PlyCount "68"]
[EventDate "2023.??.??"]
[WhiteTeam "SK Bad Homburg 1927"]
[BlackTeam "SK Doppelbauer Kiel von 1910 e.V"]

1. d4 Nf6 2. Nf3 e6 3. Bg5 Be7 4. Nbd2 d5 5. e3 b6 6. Bb5+ c6 7. Bd3 O-O 8. O-O Bb7 9. Ne5 Nbd7 10. f4 Ne8 11. Bxh7+ Kxh7 12. Qh5+ Kg8 13. Rf3 f6 14. Qg6 Nd6 15. Rh3 fxe5 16. Qxe6+ Rf7 17. dxe5 Nf5 18. Rh8+ Kxh8 19. Qxf7 Bxg5 20. Qxf5 Bh6 21. g4 Nf8 22. Nf3 g6 23. Qf7 Qd7 24. Qf6+ Kg8 25. h3 Re8 26. Qh4 Bg7 27. Rf1 c5 28. Ng5 d4 29. e4 d3 30. cxd3 Qxd3 31. f5 Rxe5 32. f6 Bxf6 33. Rxf6 Qe3+ 34. Qf2 Qxf2+ 0-1